[Event "Niederbayernliga 1011"]
[Site "Germany"]
[Date "2011.03.20"]
[Round "8.7"]
[White "Poppe, Bernd"]
[Black "Stadler, Helmut1111"]
[Result "1/2-1/2"]
[WhiteElo "1600"]
[BlackElo "1792"]
[PlyCount "57"]
[EventDate "2010.10.10"]
[EventType "team-tourn"]
[EventRounds "9"]
[EventCountry "GER"]
[SourceTitle "EXT 2012"]
[Source "ChessBase"]
[SourceDate "2011.11.24"]
[SourceVersion "1"]
[SourceVersionDate "2011.11.24"]
[SourceQuality "1"]
[WhiteTeam "Aham"]
[BlackTeam "Grafenau"]
[WhiteTeamCountry "GER"]
[BlackTeamCountry "GER"]

1. d4 Nf6 2. c4 g6 3. Nc3 Bg7 4. e4 d6 5. Nf3 0-0 6. Be2 c6 7. 0-0 Nbd7 8. b4 c5 9. bxc5 dxc5 10. Rb1 cxd4 11. Nxd4 Nc5 12. Be3 Ncxe4 13. Nxe4 Nxe4 14. Rb3 Nc5 15. Rb5 Ne4 16. Rb3 a6 17. Bf3 Nc5 18. Rb1 Qc7 19. Qe2 Rb8 20. Nc6 Bf5 21. Nxb8 Bd3 22. Nxa6 bxa6 23. Qd2 Bxf1 24. Rxf1 Rd8 25. Qc2 Bd4 26. Bxd4 Rxd4 27. Rd1 e5 28. Bd5 Qa5 29. g3 1/2-1/2